| 000 | 01354nam a22002897i 4500 | ||
|---|---|---|---|
| 999 |
_c22769 _d22769 |
||
| 003 | AR-CdUCM | ||
| 008 | 240129b20102010pe ||||| |||| 00| 0 spa d | ||
| 040 |
_aMUNICIPALIDAD PROVINCIAL DEL CUSCO _cBIBLIOTECA MUNICIPAL DEL CUSCO |
||
| 041 | _hspa | ||
| 082 |
_a985.613 / C2A _bC2A |
||
| 100 |
_aAncori Cervantes, Guido Amílcar _949351 |
||
| 245 |
_aHistoriografía de la Provincia de Canchis y la Ciudad de Sicuani : _bHechos, sucesos y personajes trascendentales que marcaron la historia y desarrollo de la provincia de Canchis y la Ciudad de Sicuani / |
||
| 260 |
_aSicuani-Cusco : _c2010 |
||
| 300 |
_a80 páginas. : _c21 cm. |
||
| 500 | _zBibliografía: página 80 | ||
| 505 | _aCanchis y Canas en la Colonia -- Creación de la provincia de Canchis -- Datos relevantes de Canchis -- Plaza de armas de Sicuani -- Llegada del tren a Sicuani -- Puente de Fierro -- Monumento a Pumacahua -- Reconstrucción de la Iglesia Matriz -- La Waca de Suyo -- Colegio Mateo Pumacahua | ||
| 650 |
_aSicuani-Canchis _949352 |
||
| 650 |
_aCreación _93051 |
||
| 650 |
_aMonumento Pumacahua _949353 |
||
| 650 |
_aDistritos de la provincia de Canchis _949354 |
||
| 650 |
_aColegio Pumacahua _949355 |
||
| 650 |
_aVilcanota _949356 |
||
| 650 |
_aIglesia _91428 |
||
| 650 |
_aColegio Inmaculada _949357 |
||
| 942 |
_2ddc _cLIBROS |
||
| 945 |
_apbj _d29-01-2024 |
||